00400 2200169 4500001002100000005001500021035002000036007000300056008004100059082000800100084001200108245002400120260003100144856001700175100002200192990001600214INLIS00000000000316520250909093710 a0010-0925000002ta250909 g 1 ind  a813 a813 MEM1 amemutar ulang waktu aJakarta :bGramedia,c2015 aKoleksi umum0 aGabriella chandra a00000007437